000 00483nam a2200157 i 4500
001 83204
003 ES-MaACL
005 20230906174807.0
007 t|
008 041115s1979 sp ||||1| spa d
245 0 0 _aReseña estadística de la provincia de Soria /
_cInstituto Nacional de Estadística.
260 _aMadrid :
_b[s.n.,
_c1979]
300 _aXI, 232 p. ;
_c27 cm.
710 2 _aInstituto Nacional de Estadística (España)
_95162
852 _aES-MaACL
_jA-9413
_bR.98900
999 _c83204
_d83204